00585nam a22001097a 4500040000800000082002700008100001800035245028300053260002600336300002600362856008700388 cRUA aAVM SEN 2013 B104 Or.1 aSENG, SOVANN. athe survey on common disease of pig at yi eng farm in uddong district, kampongspeu province (ការអង្កេតជំងឺជ្រូកនៅកសិដ្ឋាន យី អេង នៅស្រុកឧដុង្គ ខេត្តកំពង់ស្ពឺ) aPhnom PenhbRUAc2013 aix, 35p.bill.c29cm. uhttps://drive.google.com/file/d/1ri24EgInRb0eroqaxZv82a1JI69CPjA7/view?usp=sharing